00805nam a22001697a 450000500170000000800410001702000180005805000190007624500410009525000120013626000510014830000270019950000200022650503610024694200120060799900160061920230714120104.0230714b ||||| |||| 00| 0 eng d a9781108733052 aKZ3275.S53(9e) aInternational law /cMalcom N. Shaw. a9th ed. aNew York :bCambridge University Press,c2021. axcv, 1212 p. :c25 cm. aIncludes index. aContents: The nature and development of of international law -- International law today -- Sources -- International law and municipal law -- The subjects of international law -- Individual criminal responsibility in international law -- Recognition -- Territory -- The law of the sea -- Jurisdiction -- Immunities from jurisdiction -- State responsibility. 2lcccBK c9933d17433